<?xml version="1.0" encoding="UTF-8"?>
<record
    xmlns:xsi="http://www.w3.org/2001/XMLSchema-instance"
    xsi:schemaLocation="http://www.loc.gov/MARC21/slim http://www.loc.gov/standards/marcxml/schema/MARC21slim.xsd"
    xmlns="http://www.loc.gov/MARC21/slim">

  <leader>00959nam0a2200277   4500</leader>
  <controlfield tag="001">RU\NLR\BIBL_A\022744768</controlfield>
  <controlfield tag="005">20260308045310.0</controlfield>
  <datafield tag="035" ind1=" " ind2=" ">
    <subfield code="a">(NLR Aleph) 022744768</subfield>
  </datafield>
  <datafield tag="090" ind1=" " ind2=" ">
    <subfield code="a">13558692</subfield>
    <subfield code="c">13558692</subfield>
  </datafield>
  <datafield tag="100" ind1=" " ind2=" ">
    <subfield code="a">20260305d1975    c  y0rusy50      ca</subfield>
  </datafield>
  <datafield tag="101" ind1="0" ind2=" ">
    <subfield code="a">aze</subfield>
  </datafield>
  <datafield tag="102" ind1=" " ind2=" ">
    <subfield code="a">AZ</subfield>
  </datafield>
  <datafield tag="105" ind1=" " ind2=" ">
    <subfield code="a">a   z   000 y</subfield>
  </datafield>
  <datafield tag="181" ind1=" " ind2="0">
    <subfield code="a">i </subfield>
    <subfield code="b">axxe  </subfield>
  </datafield>
  <datafield tag="182" ind1=" " ind2="0">
    <subfield code="a">n</subfield>
  </datafield>
  <datafield tag="200" ind1="1" ind2=" ">
    <subfield code="a">&#x422;&#x4AF;&#x43B;&#x43A;&#x4AF; &#x432;&#x4D9; &#x4B9;&#x430;&#x43D;&#x430;&#x432;&#x430;&#x440;</subfield>
    <subfield code="e">[&#x43A;&#x438;&#x447;&#x438;&#x43A; j&#x430;&#x448;&#x43B;&#x44B; &#x43C;&#x4D9;&#x43A;&#x442;&#x4D9;&#x431;&#x43B;&#x438;&#x43B;&#x4D9;&#x440; &#x4AF;&#x447;&#x4AF;&#x43D; ]</subfield>
    <subfield code="f">[&#x442;&#x4D9;&#x440;&#x442;. &#x435;&#x434;.: &#x418;&#x441;&#x43C;&#x430;j&#x44B;&#x43B; &#x413;&#x430;&#x440;&#x430;j&#x435;&#x432;]</subfield>
    <subfield code="g">[&#x440;&#x4D9;&#x441;&#x441;&#x430;&#x43C; &#x41C;. &#x41D;&#x430;&#x437;&#x438;&#x43C;]</subfield>
  </datafield>
  <datafield tag="203" ind1=" " ind2=" ">
    <subfield code="a">&#x422;&#x435;&#x43A;&#x441;&#x442;</subfield>
    <subfield code="b">&#x432;&#x438;&#x437;&#x443;&#x430;&#x43B;&#x44C;&#x43D;&#x44B;&#x439;</subfield>
    <subfield code="c">&#x43D;&#x435;&#x43F;&#x43E;&#x441;&#x440;&#x435;&#x434;&#x441;&#x442;&#x432;&#x435;&#x43D;&#x43D;&#x44B;&#x439;</subfield>
  </datafield>
  <datafield tag="210" ind1=" " ind2=" ">
    <subfield code="a">&#x411;&#x430;&#x43A;&#x44B;</subfield>
    <subfield code="c">&#x49C;&#x4D9;&#x43D;&#x4B9;&#x43B;&#x438;&#x43A;</subfield>
    <subfield code="d">1975</subfield>
  </datafield>
  <datafield tag="215" ind1=" " ind2=" ">
    <subfield code="a">[12] &#x441;.</subfield>
    <subfield code="c">&#x438;&#x43B;.</subfield>
    <subfield code="d">14</subfield>
  </datafield>
  <datafield tag="541" ind1="1" ind2=" ">
    <subfield code="6">z01790</subfield>
    <subfield code="a">&#x41B;&#x438;&#x441;&#x430; &#x438; &#x412;&#x43E;&#x43B;&#x43A;</subfield>
    <subfield code="e">&#x430;&#x437;&#x435;&#x440;&#x431;. &#x43D;&#x430;&#x440;&#x43E;&#x434;&#x43D;&#x430;&#x44F; &#x441;&#x43A;&#x430;&#x437;&#x43A;&#x430;</subfield>
    <subfield code="z">rus</subfield>
  </datafield>
  <datafield tag="686" ind1="1" ind2=" ">
    <subfield code="a">&#x428;9(2)3=&#x410;&#x437;</subfield>
  </datafield>
  <datafield tag="702" ind1=" " ind2="1">
    <subfield code="a">&#x413;&#x430;&#x440;&#x430;j&#x435;&#x432;</subfield>
    <subfield code="b">&#x418;.</subfield>
    <subfield code="g">&#x418;&#x441;&#x43C;&#x430;j&#x44B;&#x43B;</subfield>
    <subfield code="4">220</subfield>
  </datafield>
  <datafield tag="702" ind1=" " ind2="1">
    <subfield code="a">&#x41D;&#x430;&#x437;&#x438;&#x43C;</subfield>
    <subfield code="b">&#x41C;.</subfield>
    <subfield code="4">040</subfield>
  </datafield>
  <datafield tag="942" ind1=" " ind2=" ">
    <subfield code="c">UNSPEC</subfield>
  </datafield>
  <datafield tag="980" ind1=" " ind2=" ">
    <subfield code="a">NB</subfield>
  </datafield>
</record>
